Causas del fracaso escolar en primer ciclo de la educación primaria costarricense. Área lectoescritura /
Guardado en:
| Format: | Bog |
|---|---|
| Sprog: | Spanish |
| Udgivet: |
San José, Costa Rica :
Universidad de Costa Rica. Escuela de Formación Docente, CECC-SICA.
|
| Fag: | |
| Online adgang: | https://uir.inie.ucr.ac.cr/cgi-bin/koha/opac-retrieve-file.pl?id=46902b6c56f043f96729893e70712614 |
| Tags: |
Tilføj Tag
Ingen Tags, Vær først til at tagge denne postø!
|
MARC
| LEADER | 00000nam a2200000 4500 | ||
|---|---|---|---|
| 005 | 20240718154159.0 | ||
| 008 | 230227b2012 |||| |||| 00| | spa d | ||
| 090 | |a 06.02.01 | ||
| 245 | 1 | 0 | |a Causas del fracaso escolar en primer ciclo de la educación primaria costarricense. Área lectoescritura / |c Marielos Murillo Rojas |
| 260 | |a San José, Costa Rica : |b Universidad de Costa Rica. Escuela de Formación Docente, CECC-SICA. | ||
| 300 | |a 135 páginas; |b 1 recurso en línea; PDF | ||
| 650 | 1 | 4 | |9 367 |a EDUCACIÓN PRIMARIA |
| 650 | 1 | 4 | |9 1669 |a FRACASO ESCOLAR |
| 650 | 1 | 4 | |9 1189 |a ESCRITURA |
| 650 | 1 | 4 | |9 365 |a LECTURA |
| 856 | |u https://uir.inie.ucr.ac.cr/cgi-bin/koha/opac-retrieve-file.pl?id=46902b6c56f043f96729893e70712614 | ||
| 942 | |i PDF005 |h 06.02.01 |2 z |c 08 |h 06.02.01 |6 060201_PDF005 | ||
| 999 | |c 3995 |d 3995 | ||
